The path ahead : (Record no. 166299)

MARC details
000 -LEADER
fixed length control field 00584nam a22001937a 4500
005 - DATE AND TIME OF LATEST TRANSACTION
control field 20190718165312.0
010 ## - LCCN (DPL NO)
LC control number ENG-126004
020 ## - INTERNATIONAL STANDARD BOOK NUMBER
Terms of availability 595.00
International Standard Book Number 9789353041502
035 ## - SYSTEM CONTROL NUMBER
System control number EN-109536
037 ## - SOURCE OF ACQUISITION
Source of stock number/acquisition DBAD/PUB
082 ## - DEWEY DECIMAL CLASSIFICATION NUMBER
Classification number 338.954
245 ## - TITLE STATEMENT
Title The path ahead :
Statement of responsibility, etc ed.by Amitabh Kant
Remainder of title transformative ideas for India /
260 ## - PUBLICATION, DISTRIBUTION, ETC. (IMPRINT)
Place of publication, distribution, etc New Delhi
Name of publisher, distributor, etc Rupa Publications
Date of publication, distribution, etc 2018
270 ## - ADDRESS
Address 7/16, Ansari Road
City Daryaganj, New Delhi
Postal code 110002
300 ## - PHYSICAL DESCRIPTION
Extent xi,346p.
Dimensions 22cm(Hb)
500 ## - GENERAL NOTE
General note Includes index
700 ## - ADDED ENTRY--PERSONAL NAME
Personal name Kant, Amitabh
942 ## - ADDED ENTRY ELEMENTS (KOHA)
Source of classification or shelving scheme Dewey Decimal Classification
Item type English Books
Classification part 338.954
Call number suffix KAN
Holdings
Withdrawn status Lost status Not for loan Collection code Home library Current library Date acquired Source of acquisition Cost, normal purchase price Full call number Barcode Copy number Cost, replacement price Koha item type
      Non-fiction Central Library Central Library 18/07/2019 DBAD/PUB 595.00 338.954 KAN EN-109536 1 595.00 English Books

© Delhi Public Library
Hit Counter
free hit counter